| 000 | 00709nam a22002297a 4500 | ||
|---|---|---|---|
| 999 |
_c20594 _d20594 |
||
| 003 | AR-CdUCM | ||
| 008 | 190531b ||||| |||| 00| 0 spa d | ||
| 020 | _a84-7232-132-0 | ||
| 040 |
_aMUNICIPALIDAD PROVINCIAL DEL CUSCO _cBIBLIOTECA MUNICIPAL DEL CUSCO |
||
| 082 |
_a860 / _bC61 |
||
| 100 |
_aCid, Alicia _943047 |
||
| 245 | _aNada y el corazón / | ||
| 260 |
_aMadrid : _bCultura hispánica, _c1977. |
||
| 300 |
_a51 páginas ; _bIlustraciones a b/n, _c22 cm. |
||
| 500 | _a[libro reempastado] | ||
| 505 | _aContenido: Poemas. | ||
| 650 |
_aLiteratura española _9362 |
||
| 650 |
_aPoemas - España _943048 |
||
| 700 |
_aOlmos, Cesar (ilustraciones) _943049 |
||
| 942 |
_2ddc _cLIBROS |
||
| 945 | _aAndy | ||